<?xml version="1.0" encoding="UTF-8"?>
<record
    xmlns:xsi="http://www.w3.org/2001/XMLSchema-instance"
    xsi:schemaLocation="http://www.loc.gov/MARC21/slim http://www.loc.gov/standards/marcxml/schema/MARC21slim.xsd"
    xmlns="http://www.loc.gov/MARC21/slim">

  <leader>01693nab a2200373   4500</leader>
  <controlfield tag="003">AR-RoUNA</controlfield>
  <controlfield tag="005">20250521105545.0</controlfield>
  <controlfield tag="008">250521b1985    ag ||||| |||| 00| 0 spa d</controlfield>
  <datafield tag="040" ind1=" " ind2=" ">
    <subfield code="b">spa</subfield>
  </datafield>
  <datafield tag="041" ind1=" " ind2=" ">
    <subfield code="a">spa</subfield>
  </datafield>
  <datafield tag="044" ind1=" " ind2=" ">
    <subfield code="a">ag</subfield>
  </datafield>
  <datafield tag="110" ind1="2" ind2=" ">
    <subfield code="a">Argentina. Universidad Nacional del Sur.</subfield>
    <subfield code="b">Departamento de Geograf&#xED;a.</subfield>
    <subfield code="9">27185</subfield>
  </datafield>
  <datafield tag="245" ind1=" " ind2=" ">
    <subfield code="a">Revista Universitaria de Geograf&#xED;a</subfield>
  </datafield>
  <datafield tag="260" ind1=" " ind2=" ">
    <subfield code="a">Argentina:</subfield>
    <subfield code="b">Imprenta MArtinez y Rodiguez SRL, </subfield>
    <subfield code="c">1985</subfield>
  </datafield>
  <datafield tag="505" ind1="0" ind2=" ">
    <subfield code="t">INDICE</subfield>
  </datafield>
  <datafield tag="505" ind1="0" ind2=" ">
    <subfield code="a">Mariano Zamorano / La geograf&#xED;a, Ciencia de una actualizada Realidad Espacial. p. 7</subfield>
  </datafield>
  <datafield tag="505" ind1="0" ind2=" ">
    <subfield code="a">V&#xED;ctor Crespo / Vulnerabilidad Geogr&#xE1;fica de los Centros Urbanos. p. 17</subfield>
  </datafield>
  <datafield tag="505" ind1="0" ind2=" ">
    <subfield code="a">Alicia Capelli de Steffens y otros / El clima Estival Bahiense. p. 27</subfield>
  </datafield>
  <datafield tag="505" ind1="0" ind2=" ">
    <subfield code="a">Ana Mar&#xED;a Petagna de del R&#xED;o /Los Arboles de la Ciudad de Bah&#xED;a Blanca. Diagn&#xF3;stico de Estructura de la Situaci&#xF3;n Actual. p. 49</subfield>
  </datafield>
  <datafield tag="505" ind1="0" ind2=" ">
    <subfield code="a">Cecilio Ockier de Azcoit&#xED;a / Delimitaci&#xF3;n del Centro Comercial de Bah&#xED;a Blanca. p. 65</subfield>
  </datafield>
  <datafield tag="505" ind1="0" ind2=" ">
    <subfield code="a">Nelly Amalia Gray de Cerd&#xE1;n / Condicionantes Geogr&#xE1;ficos de los Asentamientos Humanos en Zona Arida. Su comportamiento en el N.E. de Mendoza (departamento Lavalle)</subfield>
  </datafield>
  <datafield tag="505" ind1="0" ind2=" ">
    <subfield code="t">RESE&#xD1;AS N I</subfield>
  </datafield>
  <datafield tag="505" ind1="0" ind2=" ">
    <subfield code="a">Norma Barciocco de M&#xE1;rsico. p. 99  </subfield>
  </datafield>
  <datafield tag="505" ind1="0" ind2=" ">
    <subfield code="t">RESE&#xD1;AS N&#xBA; II</subfield>
  </datafield>
  <datafield tag="505" ind1="0" ind2=" ">
    <subfield code="a">Olga Del Pozo de Moraes. Ilda Mar&#xED;a Ferrera. p. 103</subfield>
  </datafield>
  <datafield tag="505" ind1="0" ind2=" ">
    <subfield code="t">RESE&#xD1;AS N&#xBA; III</subfield>
  </datafield>
  <datafield tag="505" ind1="0" ind2=" ">
    <subfield code="a">MAr&#xED;a del C. Vaquero de Trillini. p. 107</subfield>
  </datafield>
  <datafield tag="650" ind1=" " ind2=" ">
    <subfield code="a">Geograf&#xED;a</subfield>
    <subfield code="9">3697</subfield>
    <subfield code="z">Argentina</subfield>
  </datafield>
  <datafield tag="773" ind1=" " ind2=" ">
    <subfield code="a">Revista Universitaria de Geograf&#xED;a</subfield>
    <subfield code="g">vol.1 n&#xBA;1 (dic-1985). 110 p.</subfield>
  </datafield>
  <datafield tag="908" ind1=" " ind2=" ">
    <subfield code="a">Imp</subfield>
  </datafield>
  <datafield tag="942" ind1=" " ind2=" ">
    <subfield code="c">ART</subfield>
    <subfield code="2">udc</subfield>
  </datafield>
  <datafield tag="945" ind1=" " ind2=" ">
    <subfield code="d">2025-05-21</subfield>
  </datafield>
  <datafield tag="980" ind1=" " ind2=" ">
    <subfield code="6">5</subfield>
    <subfield code="a">Mar&#xED;a Machado</subfield>
    <subfield code="8">5</subfield>
    <subfield code="g">Mar&#xED;a Machado</subfield>
  </datafield>
  <datafield tag="999" ind1=" " ind2=" ">
    <subfield code="c">11994</subfield>
    <subfield code="d">11994</subfield>
  </datafield>
  <datafield tag="952" ind1=" " ind2=" ">
    <subfield code="0">0</subfield>
    <subfield code="1">0</subfield>
    <subfield code="4">0</subfield>
    <subfield code="7">0</subfield>
    <subfield code="a">CEAH</subfield>
    <subfield code="c">CEAH</subfield>
    <subfield code="d">2025-05-21</subfield>
    <subfield code="l">0</subfield>
    <subfield code="p">CEAH-00165</subfield>
    <subfield code="r">2025-05-21</subfield>
    <subfield code="w">2025-05-21</subfield>
    <subfield code="y">ART</subfield>
    <subfield code="x"></subfield>
  </datafield>
</record>
